Fr. Conceicao Rodrigues College of Engineering

Mastering Fox Pro 2 (Record no. 34367)

MARC details
000 -LEADER
fixed length control field 00276nam a2200133Ia 4500
082 ## - DEWEY DECIMAL CLASSIFICATION NUMBER
Classification number 5.13
Item number 'F'
100 ## - MAIN ENTRY--PERSONAL NAME
Personal name Siegal Charles
245 ## - TITLE STATEMENT
Title Mastering Fox Pro 2
260 ## - PUBLICATION, DISTRIBUTION, ETC.
Name of publisher, distributor, etc. BPB Pub
Place of publication, distribution, etc. New Delhi
Date of publication, distribution, etc. 1991
546 ## - LANGUAGE NOTE
Language note ENGLISH
654 ## - SUBJECT ADDED ENTRY--FACETED TOPICAL TERMS
Focus term Computer
942 ## - ADDED ENTRY ELEMENTS (KOHA)
Koha item type BOOK
Holdings
Withdrawn status Lost status Damaged status Not for loan Collection Home library Current library Date acquired Source of acquisition Cost, normal purchase price Inventory number Total Checkouts Full call number Barcode Date last seen Cost, replacement price Price effective from Koha item type
        CRC Fr. Agnel's C.Rodrigues College of Engineering Fr. Agnel's C.Rodrigues College of Engineering 17/03/2023 Progressive Books 75.00 3052 dt 20.09.93   5.13 'F' 4907 17/03/2023 75.00 20/09/1993 BOOK